Best practice: procurement (Record no. 62165)
[ view plain ]
| 000 -LEADER | |
|---|---|
| fixed length control field | 00749cam a2200205 4500 |
| 001 - CONTROL NUMBER | |
| control field | ABS61650 |
| 008 - FIXED-LENGTH DATA ELEMENTS--GENERAL INFORMATION | |
| fixed length control field | 000000n1999 000 0 eng u |
| 035 ## - SYSTEM CONTROL NUMBER | |
| System control number | (Sirsi) u103467 |
| 100 ## - MAIN ENTRY--PERSONAL NAME | |
| Personal name | Marsh, C. |
| 245 ## - TITLE STATEMENT | |
| Title | Best practice: procurement |
| 260 ## - PUBLICATION, DISTRIBUTION, ETC. | |
| Date of publication, distribution, etc. | 1999 |
| 490 ## - SERIES STATEMENT | |
| Series statement | Building Services Journal |
| Volume/sequential designation | 21(12) December 1999, 42-43(2) |
| 520 ## - SUMMARY, ETC. | |
| Summary, etc. | The second in a series of articles looking at construction best practice focuses on procurement strategy and procurement skills. (For article 1 on briefing the team, see ABS61313.) |
| 590 ## - LOCAL NOTE (RLIN) | |
| Local note | ABS |
| 650 ## - SUBJECT ADDED ENTRY--TOPICAL TERM | |
| Topical term or geographic name entry element | BEST PRACTICE |
| 650 ## - SUBJECT ADDED ENTRY--TOPICAL TERM | |
| Topical term or geographic name entry element | MANAGEMENT-BUSINESS MANAGEMENT-PROCUREMENT |
| 650 ## - SUBJECT ADDED ENTRY--TOPICAL TERM | |
| Topical term or geographic name entry element | BSRIA |
| 690 ## - LOCAL SUBJECT ADDED ENTRY--TOPICAL TERM (OCLC, RLIN) | |
| Topical term or geographic name as entry element | BUILDING AND CONSTRUCTION-PROCUREMENT, PARTNERING, TENDERING |
| 942 ## - ADDED ENTRY ELEMENTS (KOHA) | |
| Suppress in OPAC | 0 |
| Withdrawn status | Lost status | Source of classification or shelving scheme | Damaged status | Not for loan | Home library | Current library | Shelving location | Date acquired | Total Checkouts | Full call number | Barcode | Date last seen | Copy number | Price effective from | Koha item type |
|---|---|---|---|---|---|---|---|---|---|---|---|---|---|---|---|
| Dewey Decimal Classification | London | London | Journal article | 10/01/2000 | ABS61650 | 103467-1001 | 06/08/2019 | 1 | 06/08/2019 | Journal article |